Differential diagnosis in adult neuropsychological assessment (Record no. 9830)
[ view plain ]
| 000 -LEADER | |
|---|---|
| fixed length control field | 01239nam a22003134a 4500 |
| 001 - CONTROL NUMBER | |
| control field | ebr10265243 |
| 003 - CONTROL NUMBER IDENTIFIER | |
| control field | CaPaEBR |
| 006 - FIXED-LENGTH DATA ELEMENTS--ADDITIONAL MATERIAL CHARACTERISTICS--GENERAL INFORMATION | |
| fixed length control field | m u |
| 007 - PHYSICAL DESCRIPTION FIXED FIELD--GENERAL INFORMATION | |
| fixed length control field | cr cn||||||||| |
| 008 - FIXED-LENGTH DATA ELEMENTS--GENERAL INFORMATION | |
| fixed length control field | 030729s2004 nyua sb 001 0 eng |
| 020 ## - INTERNATIONAL STANDARD BOOK NUMBER | |
| Cancelled/invalid ISBN | 0826116655 |
| 040 ## - CATALOGING SOURCE | |
| Original cataloging agency | CaPaEBR |
| Transcribing agency | CaPaEBR |
| 035 ## - SYSTEM CONTROL NUMBER | |
| System control number | (OCoLC)607723566 |
| 050 14 - LIBRARY OF CONGRESS CALL NUMBER | |
| Classification number | RC386.6.N48 |
| Item number | D546 2004eb |
| 082 04 - DEWEY DECIMAL CLASSIFICATION NUMBER | |
| Classification number | 616.8/0475 |
| Edition number | 22 |
| 245 00 - TITLE STATEMENT | |
| Title | Differential diagnosis in adult neuropsychological assessment |
| Medium | [electronic resource] / |
| Statement of responsibility, etc | Joseph H. Ricker, editor. |
| 260 ## - PUBLICATION, DISTRIBUTION, ETC. (IMPRINT) | |
| Place of publication, distribution, etc | New York : |
| Name of publisher, distributor, etc | Springer Pub. Co., |
| Date of publication, distribution, etc | c2004. |
| 300 ## - PHYSICAL DESCRIPTION | |
| Extent | x, 470 p. : |
| Other physical details | ill. |
| 504 ## - BIBLIOGRAPHY, ETC. NOTE | |
| Bibliography, etc | Includes bibliographical references and index. |
| 533 ## - REPRODUCTION NOTE | |
| Type of reproduction | Electronic reproduction. |
| Place of reproduction | Palo Alto, Calif. : |
| Agency responsible for reproduction | ebrary, |
| Date of reproduction | 2013. |
| Note about reproduction | Available via World Wide Web. |
| -- | Access may be limited to ebrary affiliated libraries. |
| 650 #0 - SUBJECT ADDED ENTRY--TOPICAL TERM | |
| Topical term or geographic name as entry element | Neuropsychological tests. |
| Topical term or geographic name as entry element | Clinical neuropsychology. |
| Topical term or geographic name as entry element | Diagnosis, Differential. |
| Topical term or geographic name as entry element | Nervous system |
| General subdivision | Diseases |
| -- | Diagnosis. |
| 655 #7 - INDEX TERM--GENRE/FORM | |
| Genre/form data or focus term | Electronic books. |
| Source of term | local |
| 700 1# - ADDED ENTRY--PERSONAL NAME | |
| Personal name | Ricker, Joseph H. |
| 710 2# - ADDED ENTRY--CORPORATE NAME | |
| Corporate name or jurisdiction name as entry element | ebrary, Inc. |
| 856 40 - ELECTRONIC LOCATION AND ACCESS | |
| Uniform Resource Identifier | <a href="http://site.ebrary.com/lib/rucke/Doc?id=10265243">http://site.ebrary.com/lib/rucke/Doc?id=10265243</a> |
| Public note | An electronic book accessible through the World Wide Web; click to view |
No items available.
